Normal view MARC view
  • Bagh Ali, IQBAL ALI

Entry Personal Name

Number of records used in: 1

001 - CONTROL NUMBER

  • control field: 133477

003 - CONTROL NUMBER IDENTIFIER

  • control field: NUST

005 - DATE AND TIME OF LATEST TRANSACTION

  • control field: 20260226132011.0

008 - FIXED-LENGTH DATA ELEMENTS

  • fixed length control field: 260226|| aca||aabn | a|a d

040 ## - CATALOGING SOURCE

  • Original cataloging agency: NUST
  • Transcribing agency: NUST

100 ## - HEADING--PERSONAL NAME

  • Personal name: Bagh Ali, IQBAL ALI

670 ## - SOURCE DATA FOUND

  • Source citation: Work cat.: (NUST): Bagh Ali, IQBAL ALI., Irrigation & Hydraulic Structures /, 2015. 2015. 20
© 2023 Central Library, National University of Sciences and Technology. All Rights Reserved.